[Event "Swiss-Ch 2017"]
[Site "Graechen"]
[Date "2017.07.16"]
[Round "4"]
[White "Loetscher, Roland"]
[Black "Demuth, Adrien"]
[Result "0-1"]
[WhiteElo "2433"]
[BlackElo "2558"]
[Annotator "TA"]
[PlyCount "58"]
[EventDate "2017.??.??"]
[EventCountry "SUI"]
[SourceTitle "playchess.com"]
[Source "ChessBase"]
[SourceQuality "1"]

{[%evp 15,58,25,33,18,25,18,18,19,13,27,12,16,31,-20,-18,-39,-41,-29,-36,-31,-32,-47,-19,-198,-194,-293,-249,-483,-482,-455,-343,-443,-448,-554,-522,-797,-464,-29988,-844,-783,-766,-1146,-1136,-29971,-4652]} 1. d4 d5 2. c4 c6 3. Nf3 Nf6 4. e3 Bf5 5. Nc3 e6 6. Nh4 Be4 7. f3 Bg6 8. Qb3 Qc7 9. Bd2 {D12: Slav Defence: 3 Nf3 Nf6 4 e3 Bf5} Be7 (9... a6 10. Rc1 dxc4 11. Bxc4 Nbd7 12. a4 Be7 13. g3 Bh5 14. O-O O-O 15. Ng2 Rad8 16. Nf4 Kh8 {½-½ (34) So,W (2822)-Caruana,F (2817) chess.com INT 2017}) 10. O-O-O dxc4 11. Bxc4 {The position is equal.} b5 12. Be2 ({But not} 12. Nxg6 $2 bxc4 13. Qxc4 (13. Nb5 $2 Qd7 $19) 13... hxg6 $19) 12... a6 13. Nxg6 hxg6 14. g3 (14. Ne4 $14) 14... c5 $11 {Strongly threatening ...cxd4.} 15. dxc5 Nbd7 16. Kb1 Nxc5 {[#]} 17. Qc2 $146 Rc8 18. Rc1 O-O $36 {[%mdl 2048] Black is pushing.} 19. Ka1 $2 (19. a3 $11) 19... Qb7 20. Qd1 (20. Rhd1 {was called for.}) 20... Rfd8 $19 21. Qe1 $2 (21. Nb1 {was worth a try.}) 21... b4 22. Nb1 a5 23. Rc4 Nfd7 24. Qf2 Bf6 25. Rd1 Nb6 26. Rf4 {[#]} (26. Rd4 $19 Nd5 27. Rc4) 26... Nca4 (26... Bxb2+ $142 27. Kxb2 Nba4+ 28. Ka1 b3 29. Na3 b2+ 30. Kb1 {[#]} Rxd2 $1 {[%mdl 512]} 31. Rxd2 Nc3+ 32. Kc2 b1=Q+ 33. Nxb1 Qxb1+ 34. Kxc3 Nd3+ 35. Rc4 Qb4+ 36. Kc2 Rxc4+ 37. Kxd3 Rc3#) 27. Rxf6 gxf6 28. Qf1 Qc7 29. Rc1 Qe5 {Precision: White = 18%, Black = 85%.} 0-1

[Event "Swiss-Ch 2017"]
[Site "Graechen"]
[Date "2017.07.16"]
[Round "4"]
[White "Gaehwiler, Gabriel"]
[Black "Gerber, Richard"]
[Result "1-0"]
[WhiteElo "2416"]
[BlackElo "2312"]
[Annotator "TA"]
[PlyCount "71"]
[EventDate "2017.??.??"]
[EventCountry "SUI"]
[SourceTitle "playchess.com"]
[Source "ChessBase"]
[SourceQuality "1"]

1. e4 {Program Activation Required} c5 2. Nf3 d6 3. d4 cxd4 4. Nxd4 Nf6 5. Nc3 g6 6. Be3 Bg7 7. f3 Nc6 8. Qd2 O-O 9. Bc4 Bd7 10. O-O-O Rc8 11. Bb3 Nxd4 12. Bxd4 b5 13. Nd5 Nxd5 {B78: Sicilian Dragon: Yugoslav Attack, 9 Bc4 Bd7 10 0-0-0 Rc8} 14. Bxg7 Kxg7 15. exd5 (15. Bxd5 a5 16. h4 e6 17. h5 exd5 18. hxg6 hxg6 19. Qh6+ Kf6 20. Qh4+ Kg7 21. Qh6+ Kf6 22. Qh4+ Kg7 23. Qh6+ Kf6 24. Qh4+ Kg7 25. Qh6+ {½-½ (25) Jobava,B (2714)-Pourramezanali,A (2505) Bandar e Anzali 2017}) 15... a5 16. a3 b4 17. axb4 axb4 18. h4 Qa5 19. Qd4+ Kg8 20. Kd2 e5 21. Qe3 {[#]} f5 $146 22. Ra1 Qb5 23. Qa7 Rfd8 24. Ra5 Qb8 25. Rha1 Kf8 26. Qxb8 Rxb8 27. Ra7 Rb6 28. Rc7 Bb5 29. Raa7 Ra6 30. Rf7+ Kg8 31. Rg7+ Kf8 32. Raf7+ Ke8 33. Rb7 Bd7 34. Rxh7 f4 35. Bc4 Ra5 36. b3 1-0

[Event "Swiss-Ch 2017"]
[Site "Graechen"]
[Date "2017.07.16"]
[Round "4"]
[White "Ekstroem, Roland"]
[Black "Cebalo, Miso"]
[Result "1/2-1/2"]
[WhiteElo "2376"]
[BlackElo "2303"]
[Annotator "RC"]
[PlyCount "55"]
[EventDate "2017.??.??"]
[EventCountry "SUI"]
[SourceTitle "playchess.com"]
[Source "ChessBase"]
[SourceQuality "1"]
[TimeControl "40/5400+30:1800+30"]

1. d4 {[%emt 0:00:00]} Nf6 {[%emt 0:00:11]} 2. c4 {[%emt 0:00:00]} c5 {[%emt 0:00:46]} 3. Nf3 {[%emt 0:00:00]} cxd4 {[%emt 0:00:13]} 4. Nxd4 {[%emt 0:00:01]} Nc6 {[%emt 0:00:31]} 5. Nc3 {[%emt 0:00:11]} g6 {[%emt 0:00:36]} 6. e4 {[%emt 0:00:12]} Nxd4 {[%emt 0:00:10]} 7. Qxd4 {[%emt 0:00:03]} d6 {[%emt 0:00:10]} 8. Be2 {[%emt 0:00:21]} Bg7 {[%emt 0:00:13]} 9. Be3 {[%emt 0:00:16]} O-O {[%emt 0:00:08]} 10. Qd2 {[%emt 0:00:16]} a5 {[%emt 0:00:23]} 11. Rd1 {[%emt 0:00:47]} a4 {[%emt 0:01:48]} 12. O-O {[%emt 0:02:31]} Qa5 {[%emt 0:03:01]} 13. Bd4 {[%emt 0:02:19]} Be6 {[%emt 0:02:23]} 14. Qe3 {[%emt 0:09:48]} Rfc8 {[%emt 0:25:36]} 15. Nd5 {[%emt 0:05:03]} Bxd5 {[%emt 0:04:05]} 16. exd5 {[%emt 0:01:48]} Re8 {[%emt 0:05:19]} 17. Rfe1 {[%emt 0:06:45]} Nd7 {[%emt 0:02:25]} 18. Bxg7 {[%emt 0:03:15]} Kxg7 {[%emt 0:00:09]} 19. Bf1 {[%emt 0:01:07]} Qc5 {[%emt 0:00:25]} 20. Rd4 {[%emt 0:06:37]} Nf6 {[%emt 0:09:57]} 21. Qd2 {[%emt 0:01:07]} Qa5 {[%emt 0:02:28]} 22. Qd1 {[%emt 0:01:26]} Qb4 {[%emt 0:01:54]} 23. Re2 {[%emt 0:02:10]} Rac8 {[%emt 0:08:44]} 24. Rc2 {[%emt 0:02:07]} Rc5 {[%emt 0:06:17]} 25. Rcd2 {[%emt 0:07:26]} Rec8 {[%emt 0:08:00]} 26. Qe2 {[%emt 0:05:41]} Qb6 {[%emt 0:03:26]} 27. Rf4 {[%emt 0:02:57]} R5c7 {[%emt 0:02:54]} 28. h3 {[%emt 0:05:08]} 1/2-1/2

[Event "Swiss-Ch 2017"]
[Site "Graechen"]
[Date "2017.07.16"]
[Round "4"]
[White "Haag, Gregor"]
[Black "Jenni, Florian"]
[Result "1/2-1/2"]
[WhiteElo "2273"]
[BlackElo "2467"]
[Annotator "TA"]
[PlyCount "86"]
[EventDate "2017.??.??"]
[EventCountry "SUI"]
[SourceTitle "playchess.com"]
[Source "ChessBase"]
[SourceQuality "1"]

{[%evp 21,86,0,10,6,0,3,11,6,23,12,28,8,24,0,49,0,0,0,19,11,6,4,31,11,33,39,38,33,55,48,40,0,0,0,25,25,41,25,40,33,39,40,41,10,10,8,8,8,8,0,8,12,19,19,19,19,19,19,19,19,19,0,27,0,19,0,20]} 1. d4 Nf6 2. Nf3 e6 3. c4 c5 4. d5 exd5 5. cxd5 g6 6. Nc3 Bg7 7. e4 d6 8. Be2 O-O 9. O-O Bg4 10. Nd2 Bxe2 11. Qxe2 Nbd7 12. Nc4 {A73: Modern Benoni: Classical: Unusual Black 9th moves} Nb6 13. Ne3 Qe7 14. Qc2 Rae8 {[%cal Rf6e4]} 15. f3 Nh5 16. g4 $146 {[%cal Rg4h5]} ({Predecessor:} 16. Bd2 f5 17. exf5 Bd4 18. Rae1 Nc4 19. Ncd1 Nxd2 20. Qxd2 Rxf5 {0-1 (40) Franic,M (2394)-Cvitan,O (2558) Zadar 2013}) 16... Nf4 17. Kh1 (17. a4 {looks sharper.} a6 18. a5 Nc8 19. Kh1 Qh4 20. Ng2) 17... Be5 18. Ne2 (18. a4 {is interesting.} a6 19. a5 Na8 20. Nc4 Nc7 21. Be3) 18... Nxe2 19. Qxe2 Bf4 20. Bd2 Qg5 21. Rad1 h6 22. Qf2 Na4 23. Nc4 {And now b3 would win.} Rd8 24. b3 {[#] aiming for Bxf4.} Bxd2 25. Qxd2 (25. h4 {keeps more tension.} Qf6 26. Rxd2 Nb6 27. Ne3 Qf4 28. Re2) 25... Nb6 26. Qxg5 (26. Ne3 {seems wilder.} Nd7 27. a4 Rfe8 28. Kg2 b6 29. h3) 26... hxg5 27. Ne3 Rfe8 28. Kg2 Nd7 29. Rh1 b5 30. h4 gxh4 31. Rxh4 Kg7 32. Rdh1 Rh8 33. Rxh8 Rxh8 34. Rxh8 Kxh8 $11 {[%mdl 4096] Endgame KN-KN} 35. f4 Kg7 36. g5 Kf8 37. Kf3 Ke7 38. Ke2 Nb6 39. Kd3 a6 40. Kc3 Nd7 41. Kd3 Nb6 42. Kc3 Nd7 43. Kd3 Nb6 {Precision: White = 67%, Black = 68%.} 1/2-1/2

[Event "Swiss-Ch 2017"]
[Site "Graechen"]
[Date "2017.07.16"]
[Round "4"]
[White "Riehle, Marco"]
[Black "Baenziger, Fabian"]
[Result "1/2-1/2"]
[WhiteElo "2236"]
[BlackElo "2354"]
[Annotator "RC"]
[PlyCount "71"]
[EventDate "2017.??.??"]
[EventCountry "SUI"]
[SourceTitle "playchess.com"]
[Source "ChessBase"]
[SourceQuality "1"]
[TimeControl "40/5400+30:1800+30"]

1. e4 {[%emt 0:00:00]} c5 {[%emt 0:00:14]} 2. Nf3 {[%emt 0:00:31]} Nc6 {[%emt 0:00:26]} 3. d4 {[%emt 0:00:27]} cxd4 {[%emt 0:00:06]} 4. Nxd4 {[%emt 0:00:05]} Nf6 {[%emt 0:00:09]} 5. Nc3 {[%emt 0:00:05]} d6 {[%emt 0:00:14]} 6. f3 {[%emt 0:07:34]} e5 {[%emt 0:07:48]} 7. Nb3 {[%emt 0:01:03]} Be7 {[%emt 0:00:20]} 8. Be3 {[%emt 0:01:34]} O-O {[%emt 0:00:17]} 9. Qd2 {[%emt 0:00:23]} Be6 {[%emt 0:00:56]} 10. O-O-O {[%emt 0:00:51]} a5 {[%emt 0:00:16]} 11. Bb5 {[%emt 0:06:08]} Qc7 {[%emt 0:06:29]} 12. Na4 {[%emt 0:08:43]} d5 {[%emt 0:10:58]} 13. Bb6 {[%emt 0:11:49]} Qc8 {[%emt 0:02:07]} 14. exd5 {[%emt 0:04:01]} Nxd5 {[%emt 0:02:52]} 15. Kb1 {[%emt 0:01:06]} Na7 {[%emt 0:20:23]} 16. Qe2 {[%emt 0:13:48]} Nb4 {[%emt 0:07:20]} 17. Bd3 {[%emt 0:06:12]} Nxd3 {[%emt 0:03:11]} 18. Qxd3 {[%emt 0:01:18]} Bf5 {[%emt 0:00:18]} 19. Qe2 {[%emt 0:00:51]} Qc6 {[%emt 0:01:05]} 20. Bc5 {[%emt 0:01:35]} Bxc5 {[%emt 0:00:54]} 21. Nbxc5 {[%emt 0:00:07]} Rfe8 {[%emt 0:02:08]} 22. g4 {[%emt 0:02:37]} Bg6 {[%emt 0:00:41]} 23. Qf2 {[%emt 0:03:44]} b6 {[%emt 0:09:49]} 24. Nd7 {[%emt 0:01:02]} Qxa4 {[%emt 0:01:36]} 25. Nxb6 {[%emt 0:00:12]} Qc6 {[%emt 0:01:29]} 26. Nxa8 {[%emt 0:00:08]} Qxa8 {[%emt 0:00:03]} 27. h4 {[%emt 0:02:20]} h5 {[%emt 0:01:46]} 28. Rhg1 {[%emt 0:06:18]} Rc8 {[%emt 0:00:31]} 29. Rd2 {[%emt 0:00:36]} hxg4 {[%emt 0:03:31]} 30. Rxg4 {[%emt 0:01:39]} Nb5 {[%emt 0:01:27]} 31. h5 {[%emt 0:02:26]} Bxh5 {[%emt 0:02:38]} 32. Rg5 {[%emt 0:00:22]} Bg6 {[%emt 0:00:52]} 33. Rxe5 {[%emt 0:00:43]} Qb8 {[%emt 0:00:55]} 34. Rc5 {[%emt 0:01:16]} Na3+ {[%emt 0:01:17]} 35. Kc1 {[%emt 0:00:45]} Nxc2 {[%emt 0:02:57]} 36. Rdxc2 {[%emt 0:02:01]} 1/2-1/2

[Event "Swiss-Ch 2017"]
[Site "Graechen"]
[Date "2017.07.17"]
[Round "5"]
[White "Demuth, Adrien"]
[Black "Gaehwiler, Gabriel"]
[Result "1/2-1/2"]
[WhiteElo "2558"]
[BlackElo "2416"]
[Annotator "TA"]
[PlyCount "205"]
[EventDate "2017.??.??"]
[EventCountry "SUI"]
[SourceTitle "playchess.com"]
[Source "ChessBase"]
[SourceQuality "1"]

{[%evp 14,205,10,12,6,6,44,33,42,47,48,40,103,26,18,0,24,24,25,15,18,25,27,22,31,18,22,19,30,26,49,50,51,11,72,72,65,58,55,0,59,63,98,99,93,96,96,97,95,95,95,97,96,97,94,97,96,93,93,88,89,83,83,75,86,81,80,78,89,83,95,93,104,75,105,88,100,88,99,99,99,99,97,97,103,89,89,88,89,89,89,89,89,89,89,89,89,89,89,89,89,89,89,88,88,88,88,88,88,88,88,0,108,0,88,79,79,79,79,79,79,79,79,74,74,74,74,74,74,74,74,74,74,74,74,74,74,74,74,74,74,74,74,59,74,59,74,74,74,74,74,59,74,74,74,74,74,74,74,74,74,74,74,74,74,74,74,74,74,74,74,0,74,0,74,74,74,74,74,74,74,0,0,0,0,0,0,0,0,0,0,0,0,0]} 1. d4 Nf6 2. c4 e6 3. Nc3 Bb4 4. Nf3 O-O 5. Bg5 c5 6. Rc1 cxd4 {E21: Nimzo-Indian: 4 Nf3} (6... h6 7. Bh4 cxd4 8. Nxd4 d5 9. e3 e5 10. Nf3 d4 11. exd4 exd4 12. Nxd4 Qb6 13. Nf3 Rd8 14. Qc2 {0-1 (35) Edouard,R (2613)-Nakamura,H (2785) Caleta 2017}) 7. Nxd4 Nc6 8. e3 {LiveBook: 10 Games} Be7 9. Be2 d5 $146 ({Predecessor:} 9... d6 10. Ndb5 Ne8 11. Bxe7 Nxe7 12. Ne4 d5 13. cxd5 Nxd5 14. O-O {½-½ (39) Alterman,B (2615)-Psakhis,L (2560) Tel Aviv 1999}) 10. O-O Nxd4 11. Qxd4 dxc4 12. Qxc4 Qa5 (12... h6 $14 13. Rfd1 Qa5) 13. Bf4 ({White should play} 13. Ne4 $1 $16) 13... Bd7 $11 14. Bc7 Qb4 15. Qxb4 Bxb4 16. Be5 Rfc8 17. a3 Bxc3 18. Bxc3 Ne4 19. Bd4 Nd2 20. Rxc8+ Rxc8 21. Re1 b6 22. Ba6 $36 {[%mdl 2048] White fights for an advantage.} Rc7 23. Bc3 Ne4 {[#]} (23... Nb3 $1 $11) 24. Be5 $1 $16 {[%cal Re5c7]} Rc5 25. Bd4 Rc7 26. Be5 (26. f3 $5 {[%cal Rf3e4]} Nc5 27. Bxc5 Rxc5 28. Rd1 $14) 26... Rc5 27. Bb8 f6 28. Bd3 Rc8 29. Bxa7 ({Don't play} 29. Bxe4 $6 Rxb8 30. Rc1 Rc8 $11) 29... Nc5 30. Bf1 Na4 31. Rd1 Be8 {[#]} 32. b3 $1 {[%cal Rb3a4]} Ra8 33. bxa4 Rxa7 {[%mdl 4096] Endgame KRB-KRB} 34. Rd6 Bxa4 35. Rxe6 Bd7 36. Rxb6 Rxa3 37. Bc4+ Kf8 38. h3 Rc3 39. Rb8+ Ke7 40. Bd5 Rc8 41. Rb7 Kd6 42. Be4 Rc1+ 43. Kh2 h6 44. Kg3 Rc7 45. Rb8 Bc8 46. Bg6 Ke7 47. h4 {[%cal Bh3h4,Bh4h5][%mdl 32]} Be6 48. Re8+ Kd6 49. h5 Rc8 50. Kf4 Rxe8 51. Bxe8 {KB-KB} Ke7 52. Bg6 Bd5 53. g3 Be6 54. Bf5 {Bxe6 is the strong threat.} Bf7 55. Bg4 Bc4 56. Bd1 Be6 57. Be2 Bd7 58. e4 Be6 59. Bd1 Bd7 60. Bg4 {And now Bxd7 would win.} Ba4 61. f3 Be8 62. Kf5 (62. e5 $16) 62... Bf7 (62... Kd6 $11) 63. Kf4 Be8 64. Ke3 Kd6 65. Kd4 Bf7 66. f4 Ba2 67. Be2 Bb3 68. e5+ fxe5+ 69. fxe5+ Ke7 70. Ke4 Bc2+ 71. Kf4 Bb1 72. Bf3 Bc2 73. Be4 Bd1 74. g4 {[%cal Bg3g4,Bg4g5][%mdl 32]} Bb3 75. Bf5 Ba2 76. g5 Bb3 77. Bg4 Bc4 78. Bf3 Bd3 79. Bd1 (79. Ke3 $5 {[%cal Re3d3]} Bb1 80. g6 $16) 79... Bb1 80. Bg4 Ba2 81. Bc8 Bb3 82. Bb7 Bd1 83. Bf3 hxg5+ 84. Kg4 $1 Bc2 85. Bd5 Bd1+ 86. Kxg5 Be2 87. Bg8 Kf8 88. Bb3 Bf3 89. Bc2 Ke7 90. Bf5 Bd5 91. Bg4 Be4 92. Bf5 (92. Kf4 $16 Bd5 93. Bf3) 92... Bf3 (92... Bd5 $11 {remains equal.}) 93. Bg4 Be4 $1 94. Bd1 Bd3 95. Bb3 Be4 96. Bg8 Bd3 97. e6 (97. Ba2 $16) 97... Bc2 $11 {The position is equal.} 98. Bf7 Bd3 99. Bg6 Be2 100. Bf5 Bd1 101. Bh3 Be2 102. Bg4 Bxg4 103. Kxg4 {Precision: White = 66%, Black = 68%.} 1/2-1/2

[Event "Swiss-Ch 2017"]
[Site "Graechen"]
[Date "2017.07.17"]
[Round "5"]
[White "Sokolov, Andrei"]
[Black "Aeschbach, Philipp"]
[Result "1-0"]
[WhiteElo "2503"]
[BlackElo "2328"]
[Annotator "TA"]
[PlyCount "57"]
[EventDate "2017.??.??"]
[EventCountry "SUI"]
[SourceTitle "playchess.com"]
[Source "ChessBase"]
[SourceQuality "1"]

{[%evp 20,57,0,0,2,0,0,0,0,0,37,19,12,6,13,16,39,22,64,47,52,0,0,0,0,0,49,0,10,0,775,777,29988,29989,29989,29990,29989,29979,29991,29992]} 1. e4 e5 2. Nf3 Nc6 3. Bb5 Nf6 4. O-O Bc5 5. c3 O-O 6. d4 Bb6 7. Bg5 h6 8. Bh4 d6 9. Qd3 exd4 {C65: Ruy Lopez: Berlin Defence (3...Nf6), unusual lines and 4 0-0 Bc5} (9... g5 10. Bg3 Nh5 11. Na3 exd4 12. cxd4 f5 13. exf5 Bxf5 14. Qc4+ Kh8 15. Bxc6 bxc6 16. Qxc6 Qf6 17. Nc4 {½-½ (60) Caruana,F (2670)-Nielsen,P (2680) Amsterdam 2009}) 10. cxd4 g5 11. Bg3 {LiveBook: 6 Games} Nh5 {The position is equal.} 12. Nc3 Bg4 $146 {[%cal Bc8g4,Bg4h5,Bh5g6,Bg6e4][%mdl 32]} ({Predecessor:} 12... f5 13. Qc4+ Kg7 14. exf5 Ne7 15. f6+ Rxf6 16. d5 c6 17. dxc6 bxc6 18. Bxc6 Be6 19. Qa4 Nxc6 {0-1 (19) Palmkoeck,W (2233)-Cottarelli,F (2070) ICCF email 2008}) 13. Bxc6 bxc6 14. Rad1 Nxg3 15. fxg3 Qd7 16. h3 Bh5 17. Kh2 Bg6 18. d5 Rae8 19. dxc6 Qxc6 {[%cal Rg6e4]} 20. Nd4 (20. Nd5 $14) 20... Bxd4 $1 $11 21. Qxd4 {[#] Hoping for Nd5.} Bxe4 22. Rf6 Bg6 23. Qxa7 Re5 24. Qd4 $36 {[%mdl 2048] White fights for an advantage.} Rb8 $2 {[%mdl 8192] [#]} (24... Qc5 $11) 25. Qxe5 $1 $18 {[%mdl 512]} Rxb2 (25... dxe5 26. Rxc6) 26. Rxg6+ {White mates.} fxg6 27. Qe6+ Kg7 28. Qe7+ Kg8 29. Ne4 {Precision: White = 68%, Black = 49%.} 1-0

[Event "Swiss-Ch 2017"]
[Site "Graechen"]
[Date "2017.07.17"]
[Round "5"]
[White "Jenni, Florian"]
[Black "Riehle, Marco"]
[Result "0-1"]
[WhiteElo "2467"]
[BlackElo "2236"]
[Annotator "TA"]
[PlyCount "145"]
[EventDate "2017.??.??"]
[EventCountry "SUI"]
[SourceTitle "playchess.com"]
[Source "ChessBase"]
[SourceQuality "1"]

{[%evp 19,145,0,0,0,12,0,0,0,18,7,3,-12,-9,-14,25,14,22,13,16,15,20,0,74,76,67,10,11,13,50,0,6,0,112,96,83,87,128,129,140,0,0,-29,0,0,0,0,0,-24,93,-184,-194,-189,-191,-185,91,-189,-184,-282,-263,-270,-266,-264,-227,-201,-222,-274,-277,-262,-275,-273,-273,-272,-275,-260,-218,-360,-325,-348,-282,-268,-274,-279,-236,-309,-272,-359,-352,-384,-384,-384,-309,-372,-372,-401,-388,-382,-377,-320,-263,-305,-292,-268,-251,-289,-288,-299,-299,-518,0,-348,-341,-431,-422,-893,-543,-581,-516,-486,-474,-6408,-5590,-5185,-5122,-5097,-83,-91,-74,-5439]} 1. e4 e5 2. Nf3 Nf6 3. Nc3 Nc6 4. Bb5 {[%cal Bf1b5,Bb5a4,Ba4b3][%mdl 32]} Bd6 5. d3 a6 (5... h6 6. a3 a6 7. Bc4 Bc5 8. b4 Ba7 9. h3 d6 10. Ne2 Be6 11. Bxe6 fxe6 12. Ng3 O-O 13. c3 Qe8 14. O-O Nh5 15. Nxh5 Qxh5 {½-½ (24) Svidler,P (2741)-Yu,Y (2750) Shenzhen 2017}) 6. Ba4 {C48: Four Knights: 4 Bb5, replies other than 4...Bb4} h6 7. Ne2 O-O 8. c3 Re8 9. Ng3 Bf8 10. O-O b5 {LiveBook: 7 Games} 11. Bb3 d5 12. exd5 (12. a4 $5 {[%cal Ra4b5]} b4 13. a5 $11) 12... Nxd5 13. Re1 {[#]} Nf6 $146 14. h3 (14. a4 $5 {[%cal Ra4b5]} b4 15. a5 $11) 14... Be6 15. Bxe6 Rxe6 16. d4 e4 17. Nd2 {[%cal Rd2e4]} Qe8 18. Ndf1 Rd8 19. Qc2 Na5 20. Ne3 Qc6 (20... c5 $11) 21. b3 $16 b4 22. c4 (22. Bb2 $14) 22... Rxd4 $11 23. Bb2 $36 {[%mdl 2048] White is pushing.} Rd8 24. Re2 Ree8 25. Rae1 Kh8 (25... Nb7 $11) 26. Bxf6 Qxf6 27. Nd5 Qg6 28. Nxc7 Re5 29. Nd5 ({White must play} 29. Rxe4 $16 Bc5 30. Kh2) 29... f5 30. Qd2 Nc6 31. Qe3 Qf7 32. Qb6 Rd6 33. Rd2 Rg6 (33... Re8 $11 {remains equal.}) 34. Nf4 $2 {[%mdl 8192] [#]} ({Stronger than} 34. Qxa6 e3 $17) (34. Ne2 $1 $16 {stays on course.}) 34... Bc5 $1 $19 {[%cal Rc5b6]} 35. Qxa6 {Strongly threatening Qc8+.} e3 36. fxe3 {Nf1 is the strong threat.} Rxe3 $2 {[#]} (36... Rxg3 $19 37. Qxc6 Rgxe3 38. Rxe3 (38. Rd8+ $2 Kh7 $19) 38... Bxe3+ 39. Rf2 Bxf2+ 40. Kxf2 Ra5) 37. Nxg6+ $4 {[%mdl 8192]} (37. Kf1 $1 $16 {is necessary to keep the advantage.} Rxe1+ 38. Kxe1 Rxg3 39. Qxc6 Qe7+ 40. Re2) 37... Qxg6 38. Kf1 (38. Rxe3 $142 Bxe3+ 39. Kf1 Bxd2 40. Qc8+ Kh7 41. Qxf5) 38... Rxe1+ (38... Rxg3 39. Qc8+ Kh7 40. Re8 $15) 39. Kxe1 {And now Qc8+ would win.} Qxg3+ 40. Kd1 Ne7 41. Qe6 Kh7 42. Qe2 Qc3 43. Qd3 {Black should prevent Qxc3.} Qa1+ 44. Ke2 Qe5+ 45. Kf1 Qf4+ 46. Ke1 Nc6 47. Qf3 (47. g3 {was necessary.} Qe5+ 48. Kf1) 47... Qe5+ 48. Qe2 Qg3+ 49. Kd1 Nd4 50. Qd3 Qh2 51. Rf2 Qe5 52. g4 g6 53. gxf5 Nxf5 54. Qd7+ Ng7 55. Rd2 Be3 56. Rd3 Bg5 57. Qd4 Qf5 {( -> ...Qf1+)} 58. Ke2 Be7 59. Qd5 {With the idea Qxf5.} Qf6 60. Qd4 {Threatens to win with Qxf6.} Qg5 61. Qd5 {White wants to play Qxg5.} Qg1 62. Qd4 Qb1 63. Qe5 $2 (63. Qd5 {might work better.}) 63... Bf8 $2 (63... Bh4 $19 {White must now prevent ...Qe1+.} 64. Qd6 Qxa2+ 65. Rd2 Qxb3) 64. Rd2 $2 {[%mdl 8192]} (64. Rd8 $1 $11 {and White is okay.}) 64... Nf5 65. c5 {intending c6.} Bg7 66. Qd5 (66. Qf4 $142 Qg1 67. Qf2 Nd4+ 68. Rxd4 Qxf2+ 69. Kxf2 Bxd4+ 70. Kg3 Bxc5 71. Kf4) 66... Qg1 67. Qc4 Nd4+ 68. Rxd4 Qxd4 ({Weaker is} 68... Bxd4 69. c6 $19) 69. Qxd4 (69. Kf3 $142 Qf6+ 70. Kg2) 69... Bxd4 70. c6 Be5 71. Kd3 Bc7 $2 (71... h5 $19 {and Black stays clearly on top.} 72. Kc4 g5) 72. Kc4 $17 g5 73. Kd4 $2 {[%mdl 8192] Precision: White = 29%, Black = 52%.} (73. Kxb4 $17 h5 74. a4) 0-1

[Event "Swiss-Ch 2017"]
[Site "Graechen"]
[Date "2017.07.17"]
[Round "5"]
[White "Cebalo, Miso"]
[Black "Loetscher, Roland"]
[Result "1/2-1/2"]
[WhiteElo "2303"]
[BlackElo "2433"]
[Annotator "TA"]
[PlyCount "89"]
[EventDate "2017.??.??"]
[EventCountry "SUI"]
[SourceTitle "playchess.com"]
[Source "ChessBase"]
[SourceQuality "1"]

{[%evp 21,89,0,0,15,15,0,7,-8,0,4,32,0,24,18,25,16,29,29,33,26,33,33,33,33,35,30,36,30,54,25,47,0,56,51,72,66,77,73,74,64,58,56,47,57,68,63,64,40,72,66,62,66,63,33,25,0,75,52,83,29,23,7,7,9,8,4,8,0,0,-2]} 1. d4 d5 2. Nf3 Nf6 3. c4 c6 4. Nc3 dxc4 5. a4 e6 6. e3 c5 7. Bxc4 cxd4 8. exd4 Nc6 9. O-O Be7 {D16: Slav Defence: 5 a4: Lines with 5...Bg4 and 5...Na6} 10. Be3 O-O 11. Ne5 Nd5 {LiveBook: 3 Games} 12. Nxd5 exd5 13. Bb5 $146 ({Predecessor:} 13. Bd3 g6 14. a5 Bf6 15. Nxc6 bxc6 16. Qc1 Bd7 17. Qc3 {½-½ (42) Aronian,L (2737)-Anand,V (2798) Bilbao 2008}) 13... Nb4 14. Rc1 Be6 15. Qb3 Rc8 16. Rc3 f6 17. Nd3 {[#] Threatens to win with Rxc8.} Rxc3 18. bxc3 Nxd3 19. Bxd3 Qc7 20. Bd2 Bd6 21. g3 b6 22. Re1 Bf7 23. Qb5 Rd8 24. Kg2 Rd7 25. Be2 (25. a5 $5) 25... Rd8 26. Bd3 Rd7 27. Ra1 Re7 28. a5 bxa5 29. Rxa5 Qd7 30. Qxd7 (30. Qb3 {looks sharper.} Qb7 31. Qa2 Qb8 32. Ra6 Rb7 33. Bc1) 30... Rxd7 31. Bb5 Rc7 32. Ra6 Bf8 33. Bc6 g5 34. Ba8 Kg7 35. Ra5 Rd7 $1 36. Bc6 Rd6 37. Bb7 Rd7 38. Bc6 (38. Bc8 $5 {[%cal Rc8d7]} Rc7 39. Bf5 $14) 38... Rd6 39. Bb5 Rb6 40. Bd3 (40. Bd7 $16) 40... Rb7 $11 41. Bf5 Be7 {The position is equal.} 42. h4 h6 43. hxg5 hxg5 44. Bc8 Bd8 {Hoping for ...Rb8.} 45. Bxb7 {Precision: White = 48%, Black = 70%.} 1/2-1/2

[Event "Swiss-Ch 2017"]
[Site "Graechen"]
[Date "2017.07.17"]
[Round "5"]
[White "Sedina, Elena"]
[Black "Ekstroem, Roland"]
[Result "1/2-1/2"]
[WhiteElo "2267"]
[BlackElo "2376"]
[Annotator "NA"]
[PlyCount "28"]
[EventDate "2017.??.??"]
[EventCountry "SUI"]
[SourceTitle "playchess.com"]
[Source "ChessBase"]
[SourceQuality "1"]
[TimeControl "40/5400+30:1800+30"]

1. e4 {[%emt 0:00:00]} e5 {[%emt 0:00:06]} 2. Nf3 {[%emt 0:00:00]} Nc6 {[%emt 0:00:07]} 3. Bc4 {[%emt 0:00:39]} Bc5 {[%emt 0:00:14]} 4. O-O {[%emt 0:00:46]} Nf6 {[%emt 0:00:39]} 5. d3 {[%emt 0:00:13]} d6 {[%emt 0:03:15]} 6. c3 {[%emt 0:01:44]} O-O {[%emt 0:01:41]} 7. Nbd2 {[%emt 0:06:08]} a6 {[%emt 0:01:06]} 8. a4 {[%emt 0:03:43]} Ba7 {[%emt 0:01:00]} 9. h3 {[%emt 0:07:03]} Ne7 {[%emt 0:02:04]} 10. Re1 {[%emt 0:06:21]} Ng6 {[%emt 0:00:37]} 11. Nf1 {[%emt 0:06:46]} c6 {[%emt 0:03:34]} 12. Bb3 {[%emt 0:08:20]} Be6 {[%emt 0:07:44]} 13. d4 {[%emt 0:10:00]} Re8 {[%emt 0:09:36]} 14. Ng3 {[%emt 0:01:40]} Bxb3 {[%emt 0:17:18]} 1/2-1/2